|
|
|
|
| LEADER |
00000nab a2200000 a 4500 |
| 001 |
vtls009173961 |
| 003 |
SK-MaSNL |
| 005 |
20260304152853.0 |
| 008 |
250506c2007 xo fr|p|||||||000 b|slo |
| 015 |
|
|
|a SNBRB2008/01
|2 snkbucl
|
| 035 |
|
|
|a (sysno)vtls009173961
|
| 035 |
|
|
|a urn:nbn:sk:snk-ab70tn
|
| 035 |
|
|
|a (uuid)5bf3ebf7-6e72-4da6-803c-166a6fd7b7fd
|
| 035 |
|
|
|a (urnnbn)urn:nbn:sk:snk:ar-a06gvn
|
| 038 |
|
|
|a SNKBUCL
|
| 040 |
|
|
|a SNKBUCL
|b slo
|c SNKBUCL
|e AACR2
|
| 041 |
0 |
|
|a eng
|b eng
|
| 044 |
|
|
|a xo
|c SK
|
| 080 |
|
|
|a 368:339.1
|x (474.5)
|2 2001
|
| 100 |
1 |
|
|a Kindurys, Vytautas
|4 aut
|9 1475465
|
| 245 |
1 |
4 |
|a The experience and problems of insurance marketing application in Lithuania
|c Vytautas Kindurys
|
| 504 |
|
|
|a Bibliogr. odkazy
|
| 546 |
|
|
|a Res. angl.
|
| 650 |
0 |
7 |
|a poisťovníctvo
|2 snkbucl
|9 2517
|
| 650 |
0 |
7 |
|a poistný trh
|2 snkbucl
|9 59828
|
| 651 |
|
7 |
|a Litva
|2 snkbucl
|9 25602
|
| 773 |
0 |
|
|t Vedecké listy Fakulty chemickej a potravinárskej technológie Slovenskej technickej univerzity v Bratislave, Katedry manažmentu
|g Roč. III., č. 1 (05) (2007), s. 39-47
|x 1336-815X
|
| 850 |
|
|
|a Slovenská národná knižnica
|
| 852 |
|
|
|a Slovenská národná knižnica
|
| 954 |
|
|
|a odborná, vedecká literatúra cudzojazyčná (svetová)
|2 lita
|
| 958 |
|
|
|a article27
|
| 958 |
|
|
|a NB
|
| 958 |
|
|
|a LT
|
| 958 |
|
|
|a OND
|
| 958 |
|
|
|a EUIPO
|
| 999 |
|
|
|c 2951522
|d 2953452
|